Administración de Recursos Humanos
| Main Author: | |
|---|---|
| Format: | Section = Libro |
| Language: | Undetermined Spanish |
| Published: |
Colombia
McGraw-Hill
2002
|
| Edition: | 2a.ed |
| Subjects: |
| LEADER | 00691nam a2200241Ia 4500 | ||
|---|---|---|---|
| 008 | 240830s9999 xx 000 0 und d | ||
| 020 | |a 958-600-212-8 | ||
| 040 | |a CEDOC FIQ-RUSB / 658.3 Ch532 | ||
| 041 | |a spa | ||
| 082 | |a 658.3 Ch532 | ||
| 100 | 1 | |a Chiavenato, Idalberto | |
| 245 | 1 | 0 | |a Administración de Recursos Humanos |
| 250 | |a 2a.ed | ||
| 260 | |a Colombia |b McGraw-Hill |c 2002 | ||
| 300 | |a 699 p. :il | ||
| 650 | 7 | |a ADMINISTRACION - RECURSOS HUMANOS | |
| 650 | 7 | |b RECLUTAMIENTO Y SELECCION DE PERSONAL | |
| 650 | 7 | |c EVALUACION DE DESEMPEÑO | |
| 650 | 7 | |d COMPENSACION - SALARIO | |
| 650 | 7 | |e HIGIENE - SEGURIDAD DEL TRABAJO | |
| 942 | |c BK |2 ddc | ||
| 991 | |a TEXTO | ||
| 999 | |c 13068 | ||